|
|
|
|
| LEADER |
00000nam0a2200000 4500 |
| 001 |
22520 |
| 005 |
20231030194742.0 |
| 010 |
|
|
|a 583160005X
|
| 035 |
|
|
|a (RuTPU)RU\TPU\book\22733
|
| 035 |
|
|
|a BOOK00000497
|
| 090 |
|
|
|a 22520
|
| 100 |
|
|
|a 20011209d1999 m y0rusy50 ca
|
| 101 |
0 |
|
|a rus
|
| 102 |
|
|
|a RU
|
| 105 |
|
|
|a y j 000zy
|
| 200 |
1 |
|
|a Управленческие решения
|e учебное пособие
|f В. С. Юкаева
|
| 210 |
|
|
|a Москва
|c Дашков и К
|d 1999
|
| 215 |
|
|
|a 292 с.
|
| 451 |
|
1 |
|0 (RuTPU)RU\TPU\book\121354
|y 5-91131-059-7
|t Управленческие решения
|o учебное пособие
|f В. С. Юкаева
|e 3-е изд.
|c М.
|n Дашков и К
|d 2007
|p 324 с.
|a Юкаева, Валентина Семеновна
|
| 610 |
1 |
|
|a экономика
|
| 610 |
1 |
|
|a управление
|
| 610 |
1 |
|
|a управленческие решения
|
| 610 |
1 |
|
|a учебные пособия
|
| 686 |
|
|
|a У9(2)212.8я73
|v LBC/SL-A
|2 rubbk
|
| 700 |
|
1 |
|a Юкаева
|b В. С.
|g Валентина Семеновна
|
| 801 |
|
0 |
|a RU
|b 63413507
|c 20011209
|g PSBO
|
| 801 |
|
2 |
|a RU
|b 63413507
|c 20090515
|g PSBO
|
| 942 |
|
|
|c BK
|